[Event "CHN-chT"]
[Site "Nanjing"]
[Date "2023.02.15"]
[Round "2.3"]
[White "Mi, Tenglong"]
[Black "Zhao, Chenxi"]
[Result "0-1"]
[WhiteElo "1832"]
[BlackElo "2408"]
[PlyCount "56"]
[EventDate "2023.02.14"]
[EventType "team-swiss"]
[EventRounds "9"]
[EventCountry "CHN"]
[SourceTitle "CBM 212 Extra"]
[Source "ChessBase"]
[SourceDate "2023.03.31"]
[SourceVersion "1"]
[SourceVersionDate "2023.03.31"]
[SourceQuality "1"]
[WhiteTeam "Hebei"]
[BlackTeam "Guangdong"]
[WhiteTeamCountry "CHN"]
[BlackTeamCountry "CHN"]

1. e4 e5 2. Nf3 Nc6 3. d4 exd4 4. Nxd4 Nf6 5. Nxc6 bxc6 6. e5 Qe7 7. Qe2 Nd5 8. c4 Nb6 9. Nc3 Qe6 10. b3 a5 11. a4 Bb4 12. Bb2 0-0 13. 0-0-0 Re8 14. f4 d5 15. cxd5 Nxd5 16. Nxd5 cxd5 17. Qc2 c5 18. Bd3 Qh6 19. Kb1 Bg4 20. Rdf1 Rab8 21. Ka2 c4 22. bxc4 dxc4 23. Bxc4 Rec8 24. f5 Bc3 25. Bc1 Qc6 26. Rf4 Be2 27. Qxe2 Qxa4+ 28. Ba3 Rxc4 0-1

[Event "Johor op-A 7th"]
[Site "Johor"]
[Date "2022.12.27"]
[Round "3"]
[White "Priasmoro, Novendra"]
[Black "Mi, Tenglong"]
[Result "1-0"]
[WhiteElo "2501"]
[BlackElo "1808"]
[PlyCount "61"]
[EventDate "2022.12.26"]
[EventType "swiss"]
[EventRounds "9"]
[EventCountry "MAS"]
[SourceTitle "CBM 212 Extra"]
[Source "ChessBase"]
[SourceDate "2023.03.31"]
[SourceVersion "1"]
[SourceVersionDate "2023.03.31"]
[SourceQuality "1"]

1. e4 c5 2. Nf3 d6 3. d4 cxd4 4. Nxd4 Nf6 5. Nc3 g6 6. Be3 Bg7 7. f3 Nc6 8. Qd2 0-0 9. g4 Be6 10. Nxe6 fxe6 11. 0-0-0 Ne5 12. Be2 Rc8 13. Kb1 Nc4 14. Bxc4 Rxc4 15. e5 Ne8 16. Qd3 Qc8 17. Nb5 a6 18. b3 axb5 19. bxc4 bxc4 20. Qe2 Bxe5 21. Bd4 Bxd4 22. Rxd4 d5 23. Re1 Nc7 24. Qe5 Qd7 25. Re3 Ra8 26. a3 b5 27. h4 b4 28. h5 Ra6 29. h6 Ne8 30. Rf4 Nf6 31. g5 1-0

[Event "Johor op-A 7th"]
[Site "Johor"]
[Date "2022.12.26"]
[Round "1"]
[White "Mi, Tenglong"]
[Black "Saw, Lye Guan"]
[Result "1-0"]
[WhiteElo "1808"]
[BlackElo "1451"]
[PlyCount "47"]
[EventDate "2022.12.26"]
[EventType "swiss"]
[EventRounds "9"]
[EventCountry "MAS"]
[SourceTitle "CBM 212 Extra"]
[Source "ChessBase"]
[SourceDate "2023.03.31"]
[SourceVersion "1"]
[SourceVersionDate "2023.03.31"]
[SourceQuality "1"]

1. e4 c5 2. Nf3 d6 3. d4 cxd4 4. Nxd4 Nf6 5. Nc3 a6 6. Bg5 e6 7. f4 Be7 8. Qf3 Nbd7 9. 0-0-0 Qc7 10. g4 h6 11. Bxf6 Nxf6 12. g5 Nd7 13. g6 Nf6 14. gxf7+ Kxf7 15. Bh3 Bd7 16. Rhe1 e5 17. fxe5 dxe5 18. Nd5 Qd8 19. Nxf6 Bxf6 20. Nb3 Kg8 21. Rxd7 Qb6 22. Nc5 Qa5 23. Qb3+ Kh7 24. Bf5# 1-0

[Event "Tianjin Binhai Cup 2nd"]
[Site "Tianjin"]
[Date "2020.01.17"]
[Round "7"]
[White "Nie, Xinyang"]
[Black "Mi, Tenglong"]
[Result "0-1"]
[WhiteElo "2379"]
[BlackElo "1740"]
[PlyCount "64"]
[EventDate "2020.01.13"]
[EventType "swiss"]
[EventRounds "9"]
[EventCountry "CHN"]
[SourceTitle "CBM 194 Extra"]
[Source "ChessBase"]
[SourceDate "2020.03.31"]
[SourceVersion "1"]
[SourceVersionDate "2020.03.31"]
[SourceQuality "1"]

1. e4 c5 2. Nf3 d6 3. d4 cxd4 4. Nxd4 Nf6 5. Nc3 g6 6. Be3 Bg7 7. f3 Nc6 8. Qd2 0-0 9. 0-0-0 d5 10. Nxc6 bxc6 11. Bh6 Bxh6 12. Qxh6 Qb6 13. e5 Nd7 14. h4 Nxe5 15. h5 Bf5 16. g4 f6 17. Qf4 Rab8 18. b3 Bd7 19. hxg6 hxg6 20. Bd3 Kf7 21. Kb2 g5 22. Qh2 Rh8 23. Bh7 Qb4 24. Qh5+ Ke6 25. Ne4 Nc4+ 26. Kb1 Qa3 27. Nc5+ Qxc5 28. Rhe1+ Kd6 29. Qh2+ e5 30. c3 Qa3 31. Qe2 Rxb3+ 32. Ka1 Rxh7 0-1

[Event "Tianjin Binhai Cup 2nd"]
[Site "Tianjin"]
[Date "2020.01.14"]
[Round "3"]
[White "Li, Shanglin B"]
[Black "Mi, Tenglong"]
[Result "1-0"]
[WhiteElo "2166"]
[BlackElo "1740"]
[PlyCount "65"]
[EventDate "2020.01.13"]
[EventType "swiss"]
[EventRounds "9"]
[EventCountry "CHN"]
[SourceTitle "CBM 194 Extra"]
[Source "ChessBase"]
[SourceDate "2020.03.31"]
[SourceVersion "1"]
[SourceVersionDate "2020.03.31"]
[SourceQuality "1"]

1. d4 Nf6 2. c4 g6 3. g3 Bg7 4. Bg2 0-0 5. Nc3 d6 6. Nf3 c5 7. 0-0 cxd4 8. Nxd4 Nc6 9. Nxc6 bxc6 10. Bxc6 Rb8 11. Bg2 Qa5 12. Qc2 Bb7 13. Bd2 Bxg2 14. Kxg2 Rfc8 15. b3 d5 16. Na4 Qa6 17. Bf4 Rb7 18. c5 Ne4 19. Rad1 e5 20. Rxd5 f5 21. Bxe5 Qc6 22. Rfd1 Bxe5 23. f3 Re8 24. fxe4 fxe4 25. Qc4 e3 26. Kg1 Kh8 27. R5d3 Qf6 28. Rf1 Qg5 29. Kg2 Rbb8 30. Rf3 Rbd8 31. Rfxe3 Bxg3 32. Rxe8+ Rxe8 33. Rxg3 1-0

[Event "Belt and Road Hunan op-C"]
[Site "Changsha"]
[Date "2019.08.02"]
[Round "9"]
[White "Zhou, Yibo"]
[Black "Mi, Tenglong"]
[Result "0-1"]
[WhiteElo "1922"]
[BlackElo "1707"]
[PlyCount "86"]
[EventDate "2019.07.29"]
[EventType "swiss"]
[EventRounds "9"]
[EventCountry "CHN"]
[SourceTitle "EXT 2020"]
[Source "ChessBase"]
[SourceDate "2019.10.17"]
[SourceVersion "1"]
[SourceVersionDate "2019.10.17"]
[SourceQuality "1"]

1. d4 Nf6 2. c4 g6 3. Nc3 d5 4. Nf3 Bg7 5. Bf4 c6 6. e3 0-0 7. Bd3 c5 8. 0-0 cxd4 9. Nxd4 Re8 10. cxd5 Nxd5 11. Nxd5 Qxd5 12. Nb5 Na6 13. Qe2 e5 14. e4 Qe6 15. Be3 Bd7 16. Nxa7 Bf8 17. Bc4 Qf6 18. Nb5 Bxb5 19. Bxb5 Red8 20. a3 Nc5 21. f3 Nb3 22. Rad1 Nd4 23. Bxd4 Rxd4 24. Rxd4 exd4 25. Bc4 Rc8 26. a4 Qf4 27. Rd1 Bh6 28. b3 Qe5 29. g3 Be3+ 30. Kg2 g5 31. Qd3 Kg7 32. Rf1 Rc6 33. Rb1 h5 34. Qe2 h4 35. Qe1 g4 36. Qe2 Rf6 37. Rf1 gxf3+ 38. Rxf3 Qxe4 39. h3 Rg6 40. g4 f5 41. Bd3 Rxg4+ 42. hxg4 Qxg4+ 43. Kh1 Qg1# 0-1

[Event "Belt and Road Hunan op-C"]
[Site "Changsha"]
[Date "2019.07.29"]
[Round "1"]
[White "Liu, Yan"]
[Black "Mi, Tenglong"]
[Result "0-1"]
[WhiteElo "2516"]
[BlackElo "1707"]
[PlyCount "58"]
[EventDate "2019.07.29"]
[EventType "swiss"]
[EventRounds "9"]
[EventCountry "CHN"]
[SourceTitle "EXT 2020"]
[Source "ChessBase"]
[SourceDate "2019.10.17"]
[SourceVersion "1"]
[SourceVersionDate "2019.10.17"]
[SourceQuality "1"]

1. e4 c5 2. Nc3 d6 3. Nf3 Nf6 4. d3 Nc6 5. b3 g6 6. Bb2 Bg7 7. h3 0-0 8. d4 cxd4 9. Nxd4 Qa5 10. Be2 Nxe4 11. Ndb5 Nxc3 12. Nxc3 Bxc3+ 13. Bxc3 Qxc3+ 14. Kf1 Bf5 15. Bd3 Bxd3+ 16. cxd3 Rac8 17. Rb1 Nd4 18. g3 Qa5 19. a4 Rc2 20. Qe1 Qf5 21. Qe3 e5 22. Rh2 Nf3 23. Rg2 Qxh3 24. Qxf3 Qh1+ 25. Rg1 Qxf3 26. Rg2 Rfc8 27. Re1 Rc1 28. Kg1 Rxe1+ 29. Kh2 Qh5# 0-1

[Event "CHN-chT"]
[Site "Daqing"]
[Date "2019.06.21"]
[Round "3.5"]
[White "Lin, Yi1111"]
[Black "Mi, Tenglong"]
[Result "1-0"]
[WhiteElo "2396"]
[BlackElo "1692"]
[PlyCount "49"]
[EventDate "2019.06.19"]
[EventType "team-swiss"]
[EventRounds "9"]
[EventCountry "CHN"]
[SourceTitle "CBM 191 Extra"]
[Source "ChessBase"]
[SourceDate "2019.09.30"]
[SourceVersion "1"]
[SourceVersionDate "2019.09.30"]
[SourceQuality "1"]
[WhiteTeam "Hangzhou"]
[BlackTeam "Hebei"]
[WhiteTeamCountry "CHN"]
[BlackTeamCountry "CHN"]

1. d4 Nf6 2. c4 g6 3. Nc3 d5 4. Bf4 Bg7 5. e3 c5 6. dxc5 Qa5 7. Rc1 dxc4 8. Bxc4 0-0 9. Nf3 Qxc5 10. Bb3 Nc6 11. 0-0 Qh5 12. h3 e5 13. Bh2 Rd8 14. Qe2 e4 15. Nd4 Nxd4 16. exd4 Qxe2 17. Nxe2 Bd7 18. Rc7 Bb5 19. Bxf7+ Kh8 20. Bc4 Nd5 21. Bxb5 a6 22. Rxg7 Kxg7 23. Be5+ Kf8 24. Bc4 Ne7 25. Nf4 1-0

[Event "Tianjin Binhai Cup 1st"]
[Site "Tianjin"]
[Date "2018.12.25"]
[Round "1"]
[White "Mi, Tenglong"]
[Black "Wang, Shixu B"]
[Result "0-1"]
[WhiteElo "1717"]
[BlackElo "2342"]
[PlyCount "76"]
[EventDate "2018.12.25"]
[EventType "swiss"]
[EventRounds "9"]
[EventCountry "CHN"]
[SourceTitle "CBM 188 Extra"]
[Source "ChessBase"]
[SourceDate "2019.02.26"]
[SourceVersion "1"]
[SourceVersionDate "2019.02.26"]
[SourceQuality "1"]

1. e4 c6 2. d4 d5 3. e5 c5 4. dxc5 e6 5. Bd3 Nd7 6. Be3 Nxc5 7. Nf3 Nxd3+ 8. Qxd3 Ne7 9. Bc5 b6 10. Bd6 Ng6 11. Bxf8 Nxf8 12. Na3 Nd7 13. c4 Ba6 14. Qd4 Rc8 15. Rc1 0-0 16. 0-0 Qc7 17. Rfd1 Rfd8 18. b3 b5 19. c5 b4 20. Qxb4 Be2 21. Re1 Bxf3 22. Nb5 Qb7 23. gxf3 a6 24. c6 Rxc6 25. Qe7 Rf8 26. Nd4 Rc7 27. Qd6 Rfc8 28. Rxc7 Qxc7 29. Qxa6 Qc3 30. Re3 Qa1+ 31. Kg2 Rc1 32. Ne2 Rh1 33. Qc8+ Nf8 34. Qc2 h5 35. Rc3 Qf1+ 36. Kg3 Ng6 37. Rc8+ Kh7 38. Qd3 Rg1+ 0-1